Online
Catalog

Raza y racismo / (Record no. 34224)

MARC details
000 -CABECERA
campo de control de longitud fija 01184nam a2200241 a 4500
001 - NÚMERO DE CONTROL
campo de control 000034733
005 - FECHA Y HORA DE LA ÚLTIMA TRANSACCIÓN
campo de control 20260401094258.0
008 - DATOS DE LONGITUD FIJA--INFORMACIÓN GENERAL
campo de control de longitud fija 111019s1939 pr 000 0 spa d
040 ## - FUENTE DE LA CATALOGACIÓN
Centro catalogador/agencia de origen DO-SdBNP
Lengua de catalogación spa
Centro/agencia transcriptor BNPHU
082 ## - NÚMERO DE LA CLASIFICACIÓN DECIMAL DEWEY
Número de clasificación 305.8
Número de documento/Ítem C834r
100 1# - ENTRADA PRINCIPAL--NOMBRE DE PERSONA
Nombre de persona Cosío Villegas, Daniel
Fechas asociadas al nombre 1893-
9 (RLIN) 60200
245 10 - MENCIÓN DE TÍTULO
Título Raza y racismo /
Mención de responsabilidad, etc. Daniel Cosío Villegas; versión española de Manuel Martínez Báez.
260 ## - PUBLICACIÓN, DISTRIBUCIÓN, ETC.
Lugar de publicación, distribución, etc. Mexico :
Nombre del editor, distribuidor, etc. Fondo de Cultural Económica,
Fecha de publicación, distribución, etc. 1939.
300 ## - DESCRIPCIÓN FÍSICA
Extensión 170 p. ;
Dimensiones 20 cm.
490 1# - MENCIÓN DE SERIE
Mención de serie Sección de Economía, del Fondo de Cultural Económica dirigida por Daniel Cosío Villegas
505 0# - NOTA DE CONTENIDO CON FORMATO
Título Racismo y antropología --
-- La raza y la sangre --
-- La raza y la herencia --
-- El mito de la raza --
-- Racismo y política extranjera --
-- El racismo y la lucha de clases --
-- Conceptos positivos que se oponen al racismo
590 ## - NOTA LOCAL (RLIN)
Nota local Perteneció a la biblioteca personal de Juan Isidro Jimenes Grullón
650 #0 - PUNTO DE ACCESO ADICIONAL DE MATERIA--TÉRMINO DE MATERIA
Término de materia o nombre geográfico como elemento de entrada RAZAS HUMANAS
9 (RLIN) 26021
650 #0 - PUNTO DE ACCESO ADICIONAL DE MATERIA--TÉRMINO DE MATERIA
Término de materia o nombre geográfico como elemento de entrada Racismo
9 (RLIN) 2279
700 12 - PUNTO DE ACCESO ADICIONAL--NOMBRE DE PERSONA
Nombre de persona Martínez Báez, Manuel.
9 (RLIN) 60201
830 #0 - PUNTO DE ACCESO ADICIONAL DE SERIE-TÍTULO UNIFORME
Título uniforme Sección de Economía, del Fondo de Cultural Económica dirigida por Daniel Cosío Villegas
9 (RLIN) 60202
910 ## - DATOS DE OPCIÓN DEL USUARIO (OCLC)
Datos de opción del usuario Validado. Control de calidad MFF
Holdings
Estado de retiro Estado de pérdida Restricciones de uso No para préstamo Código de colección Localización permanente Ubicación/localización actual Ubicación en estantería Fecha de adquisición Número de inventario Total de préstamos Signatura topográfica completa Código de barras Fecha visto por última vez Precio válido a partir de Tipo de ítem Koha Nota pública
      Excluido de préstamo Monografías: Libros y Folletos General General Depósito 19.10.2011 LF1   305.8 C834r 34733-10 25.06.2020 25.06.2020 No se presta Perteneció a la biblioteca personal de Julio Ortega Frier

Powered by Koha